<?xml version="1.0" encoding="UTF-8"?>
<marc:record xmlns:marc="http://www.loc.gov/MARC21/slim">
   <marc:leader>00000nam a2200000 a 4500</marc:leader>
   <marc:datafield ind1="1" ind2=" " tag="100">
      <marc:subfield code="a">Hiese, Kirsten</marc:subfield>
      <marc:subfield code="4">aut</marc:subfield>
      <marc:subfield code="e">Verfasser/-in</marc:subfield>
   </marc:datafield>
   <marc:datafield ind1=" " ind2=" " tag="653">
      <marc:subfield code="a">Hexe</marc:subfield>
   </marc:datafield>
   <marc:datafield ind1=" " ind2=" " tag="653">
      <marc:subfield code="a">Kinderspiel</marc:subfield>
   </marc:datafield>
   <marc:datafield ind1=" " ind2=" " tag="653">
      <marc:subfield code="a">Spiel</marc:subfield>
   </marc:datafield>
   <marc:datafield ind1=" " ind2=" " tag="653">
      <marc:subfield code="a">PBS / Kinder- und Jugendbücher/Spielen</marc:subfield>
   </marc:datafield>
   <marc:datafield ind1=" " ind2=" " tag="653">
      <marc:subfield code="a">Lernen</marc:subfield>
   </marc:datafield>
   <marc:datafield ind1=" " ind2=" " tag="653">
      <marc:subfield code="a">Spielen</marc:subfield>
   </marc:datafield>
   <marc:datafield ind1="0" ind2="0" tag="245">
      <marc:subfield code="a">Gruselgrütze</marc:subfield>
   </marc:datafield>
   <marc:datafield ind1="0" ind2="0" tag="245">
      <marc:subfield code="b">für 1-5 Spieler ab 5 Jahren</marc:subfield>
   </marc:datafield>
   <marc:datafield ind1="0" ind2="0" tag="245">
      <marc:subfield code="c">Kirsten Hiese</marc:subfield>
   </marc:datafield>
   <marc:datafield ind1=" " ind2="1" tag="264">
      <marc:subfield code="a">Stuttgart</marc:subfield>
      <marc:subfield code="b">Kosmos</marc:subfield>
      <marc:subfield code="c">2017</marc:subfield>
   </marc:datafield>
   <marc:datafield ind1="1" ind2=" " tag="520">
      <marc:subfield code="a">Angaben aus der Verlagsmeldung

Gruselgrütze : für 1-5 Spieler ab 5 Jahren / von Kirsten Hiese

&gt; Kooperatives Spiel in zwei Schwierigkeitsstufen.
&gt; Mit einzigartigem Zauberstreuer.
DESCRIPTION: In der Hexenküche geht's drunter und drüber! Zur Hexenparty hat sich die kleine Hexe Hilde etwas ganz Besonderes ausgedacht: Gruselgrütze für alle soll es geben! Das ist gar nicht so einfach, denn es fehlen allerlei magische Zutaten. Gemeinsam helfen die Spieler der wilden Hilde beim Kochen der Gruselgrütze. Sie schütteln reihum den Zauberstreuer, um die benötigten Zutaten herbeizuzaubern - jeweils drei Chips in der gleichen Farbe können gegen eine magische Zutat eingetauscht werden. Doch Vorsicht – ein vierter Chip derselben Farbe lässt die magische Mischung explodieren. Außerdem muss die Grütze fertig sein, bevor Hilde mit den letzten Zaubereien zurück ist ... Die Spieler gewinnen gemeinsam, wenn sie alle Zutaten rechtzeitig herbei gezaubert haben und in der Gruselgrütze schwimmen. Für 1 – 5 Spieler ab 5 Jahren.
</marc:subfield>
   </marc:datafield>
   <marc:datafield ind1=" " ind2=" " tag="041">
      <marc:subfield code="a">ger</marc:subfield>
   </marc:datafield>
</marc:record>
